00414nam a2200133 a 450000100100000000500170001000800410002704000250006808200150009311000630010824500200017126000670019130000220025800003333220250221073755.0091207s1936 dr a 000 0 spa d aDO-SdBNPbspacBNPHU axxxbC396n1 aRepública Dominicana.bOficina Nacional de Estadística10aCenso nacional. aCiudad Trujillo, República Dominicana :bLa Nación,c1936. a23 p. : ;c28 cm.